[Event "Frankfurt-ch"]
[Site "Frankfurt"]
[Date "2007.04.30"]
[Round "1"]
[White "Uwira, Oliver"]
[Black "Katrych, Viktor"]
[Result "1-0"]
[WhiteElo "2291"]
[BlackElo "1747"]
[PlyCount "87"]
[EventDate "2007.04.30"]
[EventType "swiss"]
[EventRounds "7"]
[EventCountry "GER"]
[SourceTitle "EXT 2008"]
[Source "ChessBase"]
[SourceDate "2007.11.25"]
[SourceVersion "1"]
[SourceVersionDate "2007.11.25"]
[SourceQuality "1"]

1. d4 d5 2. c4 e6 3. Nc3 Nf6 4. Bg5 Be7 5. e3 c6 6. Rc1 h6 7. Bh4 Nbd7 8. Nf3 Qa5 9. Bd3 0-0 10. 0-0 Bd6 11. Qe2 dxc4 12. Bxc4 Nd5 13. Ne4 Bb8 14. Rfd1 f5 15. Nc5 N7f6 16. Ne5 Qc7 17. Bg3 Qd8 18. Rd3 Qe8 19. Rb3 Nb6 20. Bd3 Nh5 21. a4 Nxg3 22. hxg3 Bxe5 23. dxe5 Rf7 24. a5 Nd5 25. e4 fxe4 26. Qxe4 Rf5 27. g4 Rg5 28. Nxb7 Bd7 29. Qh7+ Kf8 30. Nd6 Qd8 31. Bg6 Rxe5 32. Nf7 Qf6 33. Nxe5 Qxe5 34. Qh8+ Ke7 35. Qxa8 Nf4 36. Rd1 Nxg6 37. Qxa7 Nf8 38. Rb7 Qe2 39. Rbxd7+ Nxd7 40. Rxd7+ Kf6 41. Qd4+ e5 42. Qd6+ Kg5 43. Qd2+ Qxd2 44. Rxd2 1-0